[Event "Titled Tuesday intern op 19th Dec Early"]
[Site "Chess.com INT"]
[Date "2023.12.19"]
[Round "10"]
[White "Aswath, S."]
[Black "Tay, Junior"]
[Result "0-1"]
[WhiteElo "2369"]
[BlackElo "2230"]
[PlyCount "66"]
[EventDate "2023.12.19"]
[EventType "swiss (blitz)"]
[EventRounds "11"]
[EventCountry "USA"]
[SourceTitle "CB52_2023"]
[SourceDate "2023.12.27"]
[SourceVersion "1"]
[SourceVersionDate "2023.12.27"]
[SourceQuality "1"]

1. c4 e6 2. g3 d5 3. Bg2 c5 4. Nf3 Nc6 5. 0-0 Nf6 6. d4 cxd4 7. Nxd4 Bc5 8. Nxc6 bxc6 9. Qc2 Qb6 10. Nc3 Be7 11. Be3 Qa6 12. cxd5 exd5 13. Na4 0-0 14. Bc5 Re8 15. Rfe1 Bg4 16. Bxe7 Rxe7 17. e3 Rae8 18. Nc5 Qb6 19. Qc3 h5 20. h3 Bc8 21. Rac1 Qd8 22. Qd4 Qd6 23. Nd3 Ne4 24. Nf4 g6 25. Bxe4 Rxe4 26. Qxa7 g5 27. Ne2 Bxh3 28. Qc5 Qf6 29. Nd4 Rxd4 30. exd4 Rxe1+ 31. Rxe1 Qf3 32. Re8+ Kh7 33. Qc2+ Kg7 0-1

[Event "Titled Tuesday intern op 19th Dec Early"]
[Site "Chess.com INT"]
[Date "2023.12.19"]
[Round "4"]
[White "Tay, Junior"]
[Black "Ozates, Tuna"]
[Result "0-1"]
[WhiteElo "2230"]
[BlackElo "2309"]
[PlyCount "62"]
[EventDate "2023.12.19"]
[EventType "swiss (blitz)"]
[EventRounds "11"]
[EventCountry "USA"]
[SourceTitle "CB52_2023"]
[SourceDate "2023.12.27"]
[SourceVersion "1"]
[SourceVersionDate "2023.12.27"]
[SourceQuality "1"]

1. e4 e5 2. Nc3 Nf6 3. f4 d5 4. fxe5 Nxe4 5. d3 Nxc3 6. bxc3 d4 7. Nf3 Nc6 8. Be2 Bg4 9. 0-0 Qd7 10. Rb1 Bc5 11. Kh1 Bxf3 12. Bxf3 Bb6 13. c4 0-0 14. Ba3 Rfe8 15. Bd5 Nxe5 16. Qh5 g6 17. Qh6 c6 18. Be4 f5 19. Bf3 Nxf3 20. Rxf3 Re2 21. Rbf1 Rae8 22. h4 Qg7 23. Qc1 Bc7 24. Bb4 Qe5 25. g3 a5 26. Bd2 b5 27. cxb5 cxb5 28. Bf4 Qe7 29. Bxc7 Qxc7 30. Qg5 Qxc2 31. Kg1 Rg2+ 0-1

[Event "Titled Tuesday intern op 19th Dec Early"]
[Site "Chess.com INT"]
[Date "2023.12.19"]
[Round "7"]
[White "Viana, Valeria"]
[Black "Tay, Junior"]
[Result "0-1"]
[WhiteElo "1834"]
[BlackElo "2230"]
[PlyCount "70"]
[EventDate "2023.12.19"]
[EventType "swiss (blitz)"]
[EventRounds "11"]
[EventCountry "USA"]
[SourceTitle "CB52_2023"]
[SourceDate "2023.12.27"]
[SourceVersion "1"]
[SourceVersionDate "2023.12.27"]
[SourceQuality "1"]

1. e4 c5 2. Nf3 e6 3. c3 Nf6 4. e5 Nd5 5. d4 cxd4 6. cxd4 b6 7. Nc3 Nxc3 8. bxc3 Qc7 9. Qd3 Bb7 10. Be2 d6 11. 0-0 Nd7 12. Bf4 Be7 13. exd6 Bxd6 14. Bxd6 Qxd6 15. c4 0-0 16. a4 Rfd8 17. a5 Rac8 18. axb6 axb6 19. Rfb1 Bxf3 20. Bxf3 Nc5 21. Qa3 Qxd4 22. Rxb6 Nd3 23. Rb7 Nxf2 24. Kf1 Nd3 25. Ra2 Qxc4 26. Be2 Qf4+ 27. Bf3 Nc1 28. Rb4 Qxh2 29. Ra1 Qh1+ 30. Kf2 Nd3+ 31. Kg3 Qh6 32. Rg4 f5 33. Rh4 Qg5+ 34. Bg4 Qf4+ 35. Kh3 Nf2# 0-1

[Event "Titled Tuesday intern op 12th Dec Early"]
[Site "Chess.com INT"]
[Date "2023.12.12"]
[Round "8"]
[White "Ovezdurdiyeva, Jemal"]
[Black "Tay, Junior"]
[Result "1-0"]
[WhiteElo "2057"]
[BlackElo "2230"]
[PlyCount "99"]
[EventDate "2023.12.12"]
[EventType "swiss (blitz)"]
[EventRounds "11"]
[EventCountry "USA"]
[SourceTitle "CB51_2023"]
[SourceDate "2023.12.20"]
[SourceVersion "1"]
[SourceVersionDate "2023.12.20"]
[SourceQuality "1"]

1. e4 c5 2. Nf3 e6 3. c3 Nf6 4. Bd3 d5 5. exd5 exd5 6. 0-0 Bd6 7. Bc2 0-0 8. h3 Nc6 9. d4 Ne4 10. Nbd2 Bf5 11. dxc5 Bxc5 12. Nb3 Bb6 13. Nbd4 Bg6 14. Be3 Re8 15. a4 a6 16. Bb3 Nd6 17. Bxd5 Ne7 18. Ba2 Be4 19. Ne5 Nd5 20. Nxf7 Nxf7 21. Qh5 g6 22. Qg4 Nxe3 23. fxe3 Bd5 24. c4 Bxd4 25. exd4 Be6 26. Qf4 Qg5 27. Qf2 Rf8 28. Rae1 Ne5 29. Rxe5 Qxe5 30. dxe5 Rxf2 31. Rxf2 Rc8 32. b4 Bxc4 33. Rc2 b5 34. Kf2 Kf7 35. Ke3 Ke6 36. Bxc4+ bxc4 37. Kd4 Rd8+ 38. Kxc4 Kxe5 39. Re2+ Kf4 40. Re7 h5 41. Ra7 g5 42. Rxa6 Kg3 43. Rg6 g4 44. hxg4 hxg4 45. b5 Rd2 46. b6 Rxg2 47. a5 Rb2 48. a6 Kf4 49. a7 Ra2 50. b7 1-0

[Event "Titled Tuesday intern op 06th Dec Early"]
[Site "Chess.com INT"]
[Date "2022.12.06"]
[Round "11"]
[White "Cramling Bellon, Anna"]
[Black "Tay, Junior"]
[Result "0-1"]
[WhiteElo "2072"]
[BlackElo "2230"]
[PlyCount "64"]
[EventDate "2022.12.06"]
[EventType "swiss (blitz)"]
[EventRounds "11"]
[EventCountry "USA"]
[SourceTitle "CBM 211 Extra"]
[Source "ChessBase"]
[SourceDate "2023.01.31"]
[SourceVersion "1"]
[SourceVersionDate "2023.01.31"]
[SourceQuality "1"]

1. d4 Nf6 2. c4 g6 3. Nc3 Bg7 4. e4 d6 5. h3 0-0 6. Bg5 c5 7. d5 b5 8. cxb5 a6 9. a4 Qa5 10. Bd2 Nbd7 11. Nf3 axb5 12. Bxb5 Ba6 13. 0-0 Rfb8 14. Bc6 Bxf1 15. Nb5 Qd8 16. Qxf1 Nxe4 17. Bxa8 Rxa8 18. Bc3 Nxc3 19. bxc3 Ra5 20. Ra3 Nb6 21. Qd1 Qa8 22. Qe2 Kf8 23. c4 Rxa4 24. Re3 Qd8 25. Ng5 h6 26. Nxf7 Kxf7 27. Qf3+ Kg8 28. Qg4 Kh7 29. Qe6 Ra1+ 30. Kh2 Qf8 31. Rg3 Be5 32. Qxg6+ Kh8 0-1

[Event "Titled Tuesday intern op 06th Dec Early"]
[Site "Chess.com INT"]
[Date "2022.12.06"]
[Round "6"]
[White "Stijve, Theo"]
[Black "Tay, Junior"]
[Result "1-0"]
[WhiteElo "2384"]
[BlackElo "2230"]
[PlyCount "71"]
[EventDate "2022.12.06"]
[EventType "swiss (blitz)"]
[EventRounds "11"]
[EventCountry "USA"]
[SourceTitle "CBM 211 Extra"]
[Source "ChessBase"]
[SourceDate "2023.01.31"]
[SourceVersion "1"]
[SourceVersionDate "2023.01.31"]
[SourceQuality "1"]

1. e4 c5 2. a3 d5 3. exd5 Nf6 4. Bb5+ Bd7 5. Bxd7+ Qxd7 6. c4 e6 7. dxe6 fxe6 8. Nf3 Bd6 9. Nc3 0-0 10. d3 Nc6 11. 0-0 Rad8 12. Bg5 Bb8 13. Ne4 Nxe4 14. Bxd8 Rxf3 15. Bh4 Rxd3 16. Qe2 Nd2 17. Rad1 Nd4 18. Qxd3 N4f3+ 19. Qxf3 Nxf3+ 20. gxf3 Qc7 21. Bg3 Qc8 22. Rfe1 h6 23. Kg2 Bxg3 24. hxg3 Qc6 25. Re5 b6 26. Rde1 Qa4 27. Rxe6 Qxc4 28. Re7 Qc2 29. R1e2 Qc4 30. Rd2 a5 31. Rdd7 b5 32. Rxg7+ Kf8 33. Rh7 Kg8 34. Rdg7+ Kf8 35. Ra7 Kg8 36. Rhc7 1-0

[Event "Titled Tuesday intern op 06th Dec Early"]
[Site "Chess.com INT"]
[Date "2022.12.06"]
[Round "3"]
[White "Tay, Junior"]
[Black "Omelja, Artem"]
[Result "0-1"]
[WhiteElo "2230"]
[BlackElo "2443"]
[PlyCount "68"]
[EventDate "2022.12.06"]
[EventType "swiss (blitz)"]
[EventRounds "11"]
[EventCountry "USA"]
[SourceTitle "CBM 211 Extra"]
[Source "ChessBase"]
[SourceDate "2023.01.31"]
[SourceVersion "1"]
[SourceVersionDate "2023.01.31"]
[SourceQuality "1"]

1. e4 c5 2. Nf3 e6 3. d4 cxd4 4. Bg5 Qa5+ 5. c3 dxc3 6. Nxc3 Nc6 7. Bc4 h6 8. Bd2 Qc7 9. Qe2 a6 10. 0-0 Nge7 11. Rac1 Ng6 12. Rfe1 Bd6 13. g3 0-0 14. Bb3 Qb8 15. Na4 b5 16. Nc5 Bxc5 17. Rxc5 Bb7 18. h4 d6 19. Rcc1 Nge5 20. Nxe5 dxe5 21. Qg4 Kh7 22. f4 Nd4 23. f5 exf5 24. Qh5 Bxe4 25. Bxf7 Rxf7 26. Qxf7 Nf3+ 27. Kf2 Nxd2 28. Rc7 Qf8 29. Qh5 Rc8 30. Rec1 Nc4 31. Rxc8 Qxc8 32. Kg1 Qc5+ 33. Kh2 Qf2+ 34. Kh3 Qg2# 0-1

[Event "Titled Tuesday intern op 22 Mar Early"]
[Site "Chess.com INT"]
[Date "2022.03.22"]
[Round "5"]
[White "Demin, Vladimir"]
[Black "Tay, Junior"]
[Result "0-1"]
[WhiteElo "2430"]
[BlackElo "2230"]
[PlyCount "84"]
[EventDate "2022.03.22"]
[EventType "swiss (blitz)"]
[EventRounds "11"]
[EventCountry "USA"]
[SourceTitle "CBM 207 Extra"]
[Source "ChessBase"]
[SourceDate "2022.05.31"]
[SourceVersion "1"]
[SourceVersionDate "2022.05.31"]
[SourceQuality "1"]

1. e4 c5 2. Nf3 d6 3. d4 cxd4 4. Qxd4 Nf6 5. Nc3 Nc6 6. Bb5 Bd7 7. Bxc6 Bxc6 8. Bg5 e6 9. 0-0-0 Be7 10. Qd3 Qa5 11. Kb1 0-0 12. Bc1 Rfc8 13. Nd4 Be8 14. Nb3 Qc7 15. g4 Nxg4 16. Rhg1 Ne5 17. Qg3 g6 18. Bh6 Bf6 19. f4 Nc4 20. e5 dxe5 21. f5 e4 22. Qxc7 Rxc7 23. Nxe4 Bxb2 24. fxe6 f5 25. Ned2 Bf6 26. Nxc4 Rxc4 27. Rge1 Rac8 28. Re2 g5 29. Rg1 g4 30. Bc1 h5 31. Ba3 f4 32. Rf2 Bg6 33. Rc1 f3 34. Na5 Rxc2 35. Rcxc2 Rxc2 36. Rxc2 Bxc2+ 37. Kxc2 f2 38. Nc4 f1Q 39. Kb3 Qd3+ 40. Kb4 Be7+ 41. Kb5 a6+ 42. Kb6 Bxa3 0-1

[Event "Titled Tuesday intern op 22 Mar Early"]
[Site "Chess.com INT"]
[Date "2022.03.22"]
[Round "11"]
[White "Tay, Junior"]
[Black "Ianov, Viktor"]
[Result "0-1"]
[WhiteElo "2230"]
[BlackElo "2279"]
[PlyCount "72"]
[EventDate "2022.03.22"]
[EventType "swiss (blitz)"]
[EventRounds "11"]
[EventCountry "USA"]
[SourceTitle "CBM 207 Extra"]
[Source "ChessBase"]
[SourceDate "2022.05.31"]
[SourceVersion "1"]
[SourceVersionDate "2022.05.31"]
[SourceQuality "1"]

1. e4 d6 2. Nc3 Nf6 3. f4 c6 4. Nf3 Qb6 5. a4 a5 6. Bc4 Bg4 7. d3 e6 8. Ra3 d5 9. Ba2 Bxa3 10. bxa3 Nbd7 11. e5 Ng8 12. d4 Bxf3 13. gxf3 Ne7 14. 0-0 Nf5 15. Ne2 0-0 16. Kh1 c5 17. c3 cxd4 18. cxd4 Rfc8 19. Rg1 Nf8 20. Ng3 Nxg3+ 21. Rxg3 Qc6 22. Be3 Qc2 23. Qg1 Ng6 24. Bb1 Qc3 25. f5 exf5 26. Bxf5 Rc6 27. e6 fxe6 28. Bxg6 hxg6 29. Rxg6 Rc7 30. Qg5 Qe1+ 31. Bg1 Rf8 32. Qg4 Qe2 33. Qxe6+ Qxe6 34. Rxe6 Rxf3 35. Kg2 Rxa3 36. Rd6 Rc2+ 0-1

[Event "Titled Tuesday intern op 22 Mar Early"]
[Site "Chess.com INT"]
[Date "2022.03.22"]
[Round "8"]
[White "Tay, Junior"]
[Black "Jary, Sergey"]
[Result "0-1"]
[WhiteElo "2230"]
[BlackElo "2275"]
[PlyCount "52"]
[EventDate "2022.03.22"]
[EventType "swiss (blitz)"]
[EventRounds "11"]
[EventCountry "USA"]
[SourceTitle "CBM 207 Extra"]
[Source "ChessBase"]
[SourceDate "2022.05.31"]
[SourceVersion "1"]
[SourceVersionDate "2022.05.31"]
[SourceQuality "1"]

1. e4 c5 2. Nf3 Nc6 3. b4 cxb4 4. d4 d5 5. exd5 Qxd5 6. c4 Qh5 7. d5 Ne5 8. Nbd2 Nxf3+ 9. Nxf3 e6 10. Be2 Nf6 11. 0-0 Bc5 12. Bb2 0-0 13. Ne5 Qh6 14. Kh1 exd5 15. cxd5 Ne4 16. Bd4 Bxd4 17. Qxd4 Qf4 18. Rad1 Re8 19. Nf3 Bf5 20. g3 Qh6 21. Ne5 Rac8 22. Bf3 Nd6 23. Bg2 f6 24. Nf3 Be4 25. Qxa7 Qh5 26. Nd4 Bxd5 0-1

[Event "Titled Tuesday intern op 15 Mar Early"]
[Site "Chess.com INT"]
[Date "2022.03.15"]
[Round "3"]
[White "Tay, Junior"]
[Black "Shkapenko, Pavel"]
[Result "1-0"]
[WhiteElo "2230"]
[BlackElo "2424"]
[PlyCount "87"]
[EventDate "2022.03.15"]
[EventType "swiss (blitz)"]
[EventRounds "11"]
[EventCountry "USA"]
[SourceTitle "CBM 207 Extra"]
[Source "ChessBase"]
[SourceDate "2022.05.31"]
[SourceVersion "1"]
[SourceVersionDate "2022.05.31"]
[SourceQuality "1"]

1. e4 e5 2. Nc3 Nc6 3. Bc4 Bb4 4. Qg4 g6 5. Qf3 Qf6 6. Nd5 Qxf3 7. Nxf3 Bd6 8. d3 Nce7 9. Ng5 Nxd5 10. Bxd5 Nh6 11. 0-0 f6 12. Nf3 Ng8 13. d4 Ne7 14. Bb3 exd4 15. Nxd4 Bc5 16. Nb5 Bb6 17. Bh6 d5 18. exd5 Nf5 19. Bf4 Kd8 20. Rfe1 Bd7 21. a4 a6 22. Nc3 Nd4 23. d6 Nxb3 24. cxb3 c6 25. Re7 a5 26. Rae1 g5 27. Bg3 Bd4 28. h4 h6 29. Rf7 Re8 30. Ree7 Rxe7 31. dxe7+ Ke8 32. Rf8+ Kxe7 33. Rxa8 f5 34. hxg5 hxg5 35. Bc7 Be6 36. Bxa5 Bxb3 37. Bb4+ Ke6 38. Rb8 c5 39. Ba5 g4 40. g3 f4 41. Bc7 fxg3 42. Bxg3 c4 43. Rxb7 Kf5 44. a5 1-0

[Event "Titled Tuesday intern op 22nd Feb Early"]
[Site "Chess.com INT"]
[Date "2022.02.22"]
[Round "7"]
[White "Magallanes, Rey Jomar"]
[Black "Tay, Junior"]
[Result "1/2-1/2"]
[WhiteElo "2049"]
[BlackElo "2230"]
[PlyCount "47"]
[EventDate "2022.02.22"]
[EventType "swiss (blitz)"]
[EventRounds "11"]
[EventCountry "USA"]
[SourceTitle "CBM 207 Extra"]
[Source "ChessBase"]
[SourceDate "2022.05.31"]
[SourceVersion "1"]
[SourceVersionDate "2022.05.31"]
[SourceQuality "1"]

1. e4 c5 2. Nf3 d6 3. d4 cxd4 4. Nxd4 Nf6 5. Nc3 g6 6. Be3 Nc6 7. Bc4 Bg7 8. Bb3 0-0 9. h3 Bd7 10. 0-0 Rc8 11. f4 Na5 12. Qd2 a6 13. Rfe1 Nc4 14. Bxc4 Rxc4 15. Qd3 Qc7 16. Nb3 b5 17. e5 Nh5 18. exd6 exd6 19. Nd5 Qd8 20. Bb6 Qh4 21. Bf2 Qd8 22. Bb6 Qh4 23. Bf2 Qd8 24. Bb6 1/2-1/2

[Event "Titled Tuesday intern op 22nd Feb Early"]
[Site "Chess.com INT"]
[Date "2022.02.22"]
[Round "10"]
[White "Tay, Junior"]
[Black "Ianov, Viktor"]
[Result "1-0"]
[WhiteElo "2230"]
[BlackElo "2279"]
[PlyCount "95"]
[EventDate "2022.02.22"]
[EventType "swiss (blitz)"]
[EventRounds "11"]
[EventCountry "USA"]
[SourceTitle "CBM 207 Extra"]
[Source "ChessBase"]
[SourceDate "2022.05.31"]
[SourceVersion "1"]
[SourceVersionDate "2022.05.31"]
[SourceQuality "1"]

1. Nc3 d6 2. e4 g6 3. f4 Bg7 4. Nf3 a6 5. a4 b6 6. Bc4 e6 7. f5 exf5 8. d3 Ne7 9. 0-0 0-0 10. Qe1 fxe4 11. dxe4 Nbc6 12. Qh4 h5 13. Bg5 Be6 14. Nd5 Re8 15. c3 Qd7 16. Rad1 f5 17. Bxe7 Nxe7 18. Ng5 Bxd5 19. exd5 Qxa4 20. b3 Qd7 21. g4 fxg4 22. Ne6 Nf5 23. Qg5 Kh7 24. Rxf5 gxf5 25. Qxf5+ Kg8 26. Bd3 Be5 27. Qg6+ Kh8 28. Qxh5+ Kg8 29. Qg6+ Kh8 30. Rf1 Re7 31. Rf5 Rh7 32. Rh5 Rxh5 33. Qxh5+ Kg8 34. Qxg4+ Kh8 35. Qh5+ Kg8 36. h4 Re8 37. Ng5 Re7 38. Bg6 Rg7 39. Be4 Qe7 40. Qg4 Bxc3 41. Qc8+ Qf8 42. Qe6+ Rf7 43. Bh7+ Kg7 44. Qg6+ Kh8 45. Nxf7+ Qxf7 46. Qxf7 Bd4+ 47. Kg2 Bg7 48. Qg8# 1-0

[Event "Titled Tuesday intern op 15th Feb Early"]
[Site "Chess.com INT"]
[Date "2022.02.15"]
[Round "10"]
[White "Devaev, Alexander"]
[Black "Tay, Junior"]
[Result "0-1"]
[WhiteElo "2325"]
[BlackElo "2230"]
[PlyCount "44"]
[EventDate "2022.02.15"]
[EventType "swiss (blitz)"]
[EventRounds "11"]
[EventCountry "USA"]
[SourceTitle "CBM 206 Extra"]
[Source "ChessBase"]
[SourceDate "2022.03.31"]
[SourceVersion "1"]
[SourceVersionDate "2022.03.31"]
[SourceQuality "1"]

1. d4 Nf6 2. c4 Nc6 3. d5 Ne5 4. e3 e6 5. a3 a5 6. Nc3 Bc5 7. h3 0-0 8. Nge2 Nxc4 9. e4 exd5 10. Nxd5 Nxe4 11. Nd4 Re8 12. Be2 Nxf2 13. Kxf2 Qh4+ 14. g3 Qxd4+ 15. Qxd4 Bxd4+ 16. Kf1 Ne3+ 17. Bxe3 Bxe3 18. Nxc7 b6 19. Nxe8 Bb7 20. Nd6 Bxh1 21. Bb5 Bc5 22. Ne4 Bxe4 0-1

[Event "Titled Tuesday intern op 15th Feb Early"]
[Site "Chess.com INT"]
[Date "2022.02.15"]
[Round "1"]
[White "Harshavardhan, GB."]
[Black "Tay, Junior"]
[Result "1-0"]
[WhiteElo "2402"]
[BlackElo "2230"]
[PlyCount "57"]
[EventDate "2022.02.15"]
[EventType "swiss (blitz)"]
[EventRounds "11"]
[EventCountry "USA"]
[SourceTitle "CBM 206 Extra"]
[Source "ChessBase"]
[SourceDate "2022.03.31"]
[SourceVersion "1"]
[SourceVersionDate "2022.03.31"]
[SourceQuality "1"]

1. e4 e5 2. Nc3 Nf6 3. Bc4 Nxe4 4. Qh5 Nd6 5. Bb3 Nc6 6. Nf3 g6 7. Qh3 Bg7 8. d3 0-0 9. Bh6 Nf5 10. Bxg7 Kxg7 11. g4 Nfd4 12. Nxd4 Nxd4 13. 0-0-0 d6 14. Kb1 Be6 15. Qg3 b5 16. g5 a5 17. h4 a4 18. Bxe6 fxe6 19. h5 Rf3 20. Qh2 Qxg5 21. hxg6 h6 22. Ne4 Qf4 23. Ng3 Qg5 24. Nh5+ Kg8 25. Rdg1 Qd2 26. Rc1 Rxf2 27. Nf6+ Rxf6 28. Qxd2 Raf8 29. Qxh6 1-0

[Event "Titled Tuesday intern op 08th Feb Early"]
[Site "Chess.com INT"]
[Date "2022.02.08"]
[Round "8"]
[White "Artemenko, Oleg"]
[Black "Tay, Junior"]
[Result "1-0"]
[WhiteElo "2246"]
[BlackElo "2230"]
[PlyCount "79"]
[EventDate "2022.02.08"]
[EventType "swiss (blitz)"]
[EventRounds "11"]
[EventCountry "USA"]
[SourceTitle "CBM 206 Extra"]
[Source "ChessBase"]
[SourceDate "2022.03.31"]
[SourceVersion "1"]
[SourceVersionDate "2022.03.31"]
[SourceQuality "1"]

1. d4 Nf6 2. Nc3 c5 3. d5 e5 4. e4 d6 5. f4 Nbd7 6. Nf3 exf4 7. Bxf4 Ng4 8. Qd2 Be7 9. h3 Nge5 10. 0-0-0 0-0 11. Nxe5 Nxe5 12. Kb1 Bf6 13. Be2 b5 14. g4 b4 15. Nb5 g6 16. Rhf1 a6 17. Bh6 axb5 18. Bxf8 Kxf8 19. Bxb5 Bg5 20. Qe1 Qa5 21. a4 bxa3 22. Qxa5 Rxa5 23. Be2 Ba6 24. Bxa6 Rxa6 25. b3 c4 26. Ka2 Be3 27. b4 c3 28. h4 Nc4 29. Rf3 Bd2 30. g5 Ra4 31. Rb1 Nb6 32. Rbf1 Ke7 33. Rxf7+ Kd8 34. Rxh7 Nd7 35. Rff7 Rxb4 36. Rxd7+ Kc8 37. Rc7+ Kb8 38. Rcf7 Rc4 39. Rf8+ Rc8 40. Rxc8+ 1-0

[Event "Titled Tuesday intern op 08th Feb Early"]
[Site "Chess.com INT"]
[Date "2022.02.08"]
[Round "6"]
[White "Petesch, Gabriel N"]
[Black "Tay, Junior"]
[Result "1-0"]
[WhiteElo "2330"]
[BlackElo "2230"]
[PlyCount "99"]
[EventDate "2022.02.08"]
[EventType "swiss (blitz)"]
[EventRounds "11"]
[EventCountry "USA"]
[SourceTitle "CBM 206 Extra"]
[Source "ChessBase"]
[SourceDate "2022.03.31"]
[SourceVersion "1"]
[SourceVersionDate "2022.03.31"]
[SourceQuality "1"]

1. Nf3 Nf6 2. e3 g6 3. c4 Bg7 4. Nc3 0-0 5. b3 d6 6. Bb2 Nbd7 7. Be2 e5 8. 0-0 Re8 9. d4 e4 10. Nd2 Nf8 11. Qc2 Bf5 12. d5 h5 13. Nb5 Qd7 14. Nd4 Bg4 15. Rae1 N8h7 16. f3 exf3 17. Bxf3 Ng5 18. Bxg4 Qxg4 19. Nb5 Re7 20. Bxf6 Bxf6 21. Rxf6 Rae8 22. Nf1 h4 23. Kh1 Ne4 24. Rf4 Qh5 25. Nc3 Ng5 26. Qe2 Qh6 27. Qg4 f5 28. Qxh4 Qxh4 29. Rxh4 Kg7 30. Rd4 Kf6 31. b4 Rh7 32. c5 Reh8 33. Kg1 Nf7 34. cxd6 cxd6 35. e4 f4 36. b5 Ne5 37. Rd2 Rc8 38. Nd1 g5 39. Nf2 Rc3 40. h3 f3 41. Ng4+ Nxg4 42. hxg4 Ke5 43. gxf3 Rxf3 44. Rf2 Kf4 45. Rxf3+ Kxf3 46. e5 dxe5 47. Rxe5 Kxg4 48. Kg2 Rc7 49. Ng3 Rc3 50. Re4# 1-0

[Event "Titled Tuesday intern op 15st Dec"]
[Site "Chess.com INT"]
[Date "2020.12.15"]
[Round "4"]
[White "Magallanes, Rey Jomar"]
[Black "Tay, Junior"]
[Result "0-1"]
[WhiteElo "2036"]
[BlackElo "2230"]
[PlyCount "54"]
[EventDate "2020.12.15"]
[EventType "swiss (blitz)"]
[EventRounds "11"]
[EventCountry "USA"]
[SourceTitle "CBM 199 Extra"]
[Source "ChessBase"]
[SourceDate "2021.01.31"]
[SourceVersion "1"]
[SourceVersionDate "2021.01.31"]
[SourceQuality "1"]

1. e4 e5 2. Nf3 Nf6 3. Nxe5 Nc6 4. Nxc6 dxc6 5. f3 Bc5 6. c3 Bb6 7. d4 0-0 8. Be3 Nh5 9. Bc4 Kh8 10. 0-0 f5 11. Nd2 f4 12. Bf2 Qg5 13. Qe2 Bh3 14. Be1 Rf6 15. Kh1 Bd7 16. e5 Rh6 17. Ne4 Qg6 18. Kg1 Re8 19. Bf2 Bh3 20. Bh4 Rxe5 21. Rf2 Re8 22. Re1 Bf5 23. Qc2 Ng3 24. Bxg3 fxg3 25. hxg3 Qh5 26. Kf1 c5 27. d5 c6 0-1

[Event "Titled Tuesday intern op 15st Dec"]
[Site "Chess.com INT"]
[Date "2020.12.15"]
[Round "7"]
[White "Tay, Junior"]
[Black "Fajdetic, Hrvoje"]
[Result "1-0"]
[WhiteElo "2230"]
[BlackElo "2151"]
[PlyCount "61"]
[EventDate "2020.12.15"]
[EventType "swiss (blitz)"]
[EventRounds "11"]
[EventCountry "USA"]
[SourceTitle "CBM 199 Extra"]
[Source "ChessBase"]
[SourceDate "2021.01.31"]
[SourceVersion "1"]
[SourceVersionDate "2021.01.31"]
[SourceQuality "1"]

1. e4 e6 2. Nf3 d5 3. Nc3 dxe4 4. Nxe4 Nd7 5. d4 Ngf6 6. Bd3 Nxe4 7. Bxe4 Nf6 8. Bd3 c5 9. Qe2 cxd4 10. Bg5 Qa5+ 11. Kf1 Be7 12. h4 h6 13. Bd2 Qb6 14. Rb1 0-0 15. Ne5 Nd7 16. g4 Nxe5 17. Qxe5 Bd7 18. g5 h5 19. g6 fxg6 20. Bxg6 Qb5+ 21. Qxb5 Bxb5+ 22. Ke1 Rf6 23. Bxh5 g6 24. Bg4 Raf8 25. Bg5 Bb4+ 26. Kd1 Rxf2 27. Bxe6+ Kg7 28. Bh3 R8f3 29. c4 dxc3 30. bxc3 Ba4+ 31. Rb3 1-0

[Event "Titled Tuesday intern op 15st Dec"]
[Site "Chess.com INT"]
[Date "2020.12.15"]
[Round "5"]
[White "Tay, Junior"]
[Black "Manea, Alexandru"]
[Result "0-1"]
[WhiteElo "2230"]
[BlackElo "2338"]
[PlyCount "94"]
[EventDate "2020.12.15"]
[EventType "swiss (blitz)"]
[EventRounds "11"]
[EventCountry "USA"]
[SourceTitle "CBM 199 Extra"]
[Source "ChessBase"]
[SourceDate "2021.01.31"]
[SourceVersion "1"]
[SourceVersionDate "2021.01.31"]
[SourceQuality "1"]

1. e4 Nf6 2. e5 Nd5 3. d4 d6 4. Nf3 dxe5 5. Nxe5 c6 6. Bc4 Bf5 7. 0-0 Nd7 8. Nf3 e6 9. Re1 Bd6 10. Nbd2 0-0 11. Ne4 Be7 12. c3 N5f6 13. Ng3 Bg6 14. Nh4 Rc8 15. Nxg6 hxg6 16. b4 Re8 17. a4 Bd6 18. Bg5 Qc7 19. Nf1 Bf4 20. Bh4 Nb6 21. Bd3 Nbd5 22. Qc2 a5 23. Rab1 axb4 24. cxb4 Ra8 25. Bg3 Bxg3 26. hxg3 Qd7 27. Re5 Red8 28. b5 Ne7 29. Bc4 Qxd4 30. Rbe1 Ned5 31. Bd3 Qxa4 32. Bxg6 Qxc2 33. Bxc2 cxb5 34. Rb1 b4 35. g4 Rdc8 36. Be4 Nxe4 37. Rxe4 Nc3 38. Rexb4 Nxb1 39. Rxb1 Rc7 40. Ne3 Rac8 41. g5 Rc1+ 42. Rxc1 Rxc1+ 43. Kh2 Rc5 44. Kg3 Rxg5+ 45. Kf4 Rb5 46. g4 f6 47. f3 Kf7 0-1

[Event "Titled Tuesday intern op 15st Dec"]
[Site "Chess.com INT"]
[Date "2020.12.15"]
[Round "10"]
[White "Tay, Junior"]
[Black "Petre, Nad Titus"]
[Result "1-0"]
[WhiteElo "2230"]
[BlackElo "2315"]
[PlyCount "45"]
[EventDate "2020.12.15"]
[EventType "swiss (blitz)"]
[EventRounds "11"]
[EventCountry "USA"]
[SourceTitle "CBM 199 Extra"]
[Source "ChessBase"]
[SourceDate "2021.01.31"]
[SourceVersion "1"]
[SourceVersionDate "2021.01.31"]
[SourceQuality "1"]

1. e4 d5 2. exd5 Nf6 3. c4 c6 4. d4 cxd5 5. Nc3 g6 6. Nf3 Bg7 7. cxd5 0-0 8. Bc4 a6 9. 0-0 b5 10. Bb3 Nbd7 11. Re1 Nb6 12. Ne5 Re8 13. Bg5 Bb7 14. Nc6 Qd7 15. Ne5 Qd6 16. Qf3 Nbxd5 17. Ne4 Qe6 18. Nc5 Qc8 19. Nxb7 Qxb7 20. Bxf6 exf6 21. Bxd5 Qb8 22. Bxf7+ Kh8 23. Nxg6+ 1-0